000 00675nam a2200217 u 4500
005 20240924070348.0
008 110927s2005 r 000 0 eng d
020 _a9788496336573 (13 dígitos)
020 _a8496336573 (10 dígitos)
035 _aUPN01000181947
049 _aI
050 4 _aPZ75
_bG6.33
100 1 _aGoñi Zubieta, Carlos,
_d1963-
245 1 0 _aDel laberinto al 30 /
_cCarlos Goñi ; il. Cristina Losantos.
260 _aBarcelona, Esp. :
_bPlaneta,
_c2005.
300 _a169 p. :
_bil.
440 0 _aCamaleón ;
_v8.
_pVerde a partir de 10 años
650 4 _aLiteratura infantil española
_95892
650 0 _aFantasía
_911180
905 _aInfantil
999 _c154050
_d154050